Nuaulu Religious Practices; The frequency and reproduction of rituals in a Moluccan society (Record no. 12732)
[ view plain ]
| 000 -LEADER | |
|---|---|
| fixed length control field | 00698nam a2200121Ia 4500 |
| 008 - FIXED-LENGTH DATA ELEMENTS--GENERAL INFORMATION | |
| fixed length control field | 220615s9999||||xx |||||||||||||| ||und|| |
| 100 ## - MAIN ENTRY--PERSONAL NAME | |
| Personal name | Ellen, Roy |
| 245 #0 - TITLE STATEMENT | |
| Title | Nuaulu Religious Practices; The frequency and reproduction of rituals in a Moluccan society |
| 546 ## - LANGUAGE NOTE | |
| Language note | English[eng] |
| 650 ## - SUBJECT ADDED ENTRY--TOPICAL TERM | |
| Topical term or geographic name entry element | sociology||religious tension||indonesia||rituals||religious practices||religion||maluku||ethnography||Bamboo||Betel||Cuscus||Kaaba||Matoke||Nuaulu people||Puberty||Sago |
| 856 ## - ELECTRONIC LOCATION AND ACCESS | |
| Uniform Resource Identifier | <a href="https://library.oapen.org/bitstream/20.500.12657/34513/1/421930.pdf||https://library.oapen.org/bitstream/20.500.12657/34513/1/421930.pdf||https://library.oapen.org/bitstream/20.500.12657/34513/1/421930.pdf">https://library.oapen.org/bitstream/20.500.12657/34513/1/421930.pdf||https://library.oapen.org/bitstream/20.500.12657/34513/1/421930.pdf||https://library.oapen.org/bitstream/20.500.12657/34513/1/421930.pdf</a> |
| 942 ## - ADDED ENTRY ELEMENTS (KOHA) | |
| Koha item type | E-Books |
| Withdrawn status | Lost status | Damaged status | Not for loan | Home library | Current library | Date acquired | Total Checkouts | Date last seen | Price effective from | Koha item type |
|---|---|---|---|---|---|---|---|---|---|---|
| Kerala University of Digital Sciences, Innovation and Technology Knowledge Centre | Kerala University of Digital Sciences, Innovation and Technology Knowledge Centre | 15/06/2022 | 15/06/2022 | 15/06/2022 | E-Books |